| 000 | 00000nas 2200000zi 4500 |
| 001 | 9.911412 |
| 003 | CaOODSP |
| 005 | 20251103145439 |
| 006 | m |o d f |
| 007 | cr cn||||||||| |
| 008 | 220519c20209999oncar p o f0 b0fre|d |
| 022 | |a2564-0488 |
| 040 | |aCaOODSP|bfre|erda|cCaOODSP |
| 043 | |an-cn--- |
| 086 | 1 |aD95-11F-PDF |
| 110 | 2 |aCentre de la sécurité des télécommunications (Canada)|eauteur, |eorganisme de publication. |
| 222 | 0|aRapport annuel |b(Centre de la sécurité des télécommunications (Canada)) |
| 245 | 10|aRapport annuel. |
| 264 | 1|a[Ottawa] : |bCentre de la sécurité des télécommunications = Communications Security Establishment, |c[2020]- |
| 310 | |aAnnuel |
| 336 | |atexte|btxt|2rdacontent/fre |
| 337 | |ainformatique|bc|2rdamedia/fre |
| 338 | |aressource en ligne|bcr|2rdacarrier/fre |
| 362 | 1 |aParaît depuis : 2019-2020. |
| 500 | |aPublié aussi en anglais sous le titre : Annual report. |
| 515 | |aLes livraisons de 2019-2020 et 2020-2021 ne sont pas disponibles en format PDF. |
| 588 | |aDescription d'après : 2019-2020. |
| 588 | |aDernière livraison consultée : 2021-2022. |
| 610 | 26|aCentre de la sécurité des télécommunications (Canada)|vPériodiques. |
| 650 | 6|aSécurité nationale|zCanada|vPériodiques. |
| 650 | 6|aService des renseignements|zCanada|vPériodiques. |
| 655 | 7|aPériodiques|2rvmgf |
| 775 | 08|tAnnual report.|w(CaOODSP)9.911409 |